000 00408nam a22001577a 4500
020 _a978-81-8449-231-6
082 _a823
_bTHO/L
100 _aTHOMAS, VERNON
245 _aA LITTLE GIRL NAMED CONTENTMENT
_bSHORT STORY
246 _aA LITTLE GIRL NAMED CONTENTMENT
_bSHORT STORY
260 _aCHENNAI
_bYONG KIDS PRESS
_c2012
300 _a66
520 _aSHORT STORY
650 _aSHORT STORY
942 _cBK
999 _c2908
_d2908